00561nam a22002057a 450000500170000001000130001702000210003003500130005103700160006404000120008008200110009210000160010324500860011926000320020527000450023730000210028265000190030365000160032270000170033820170124110130.0 aA-708669 c00.00a086311461 aA-708669 bCen Lib/Ret aDPLbEN aSbNAN aNandy, Moti aStriker :cby Moti Nandy ; translated from the Bengali by Mihir K. DasbStopper / aCalcuttabDisha Booksc1994 a17 Chittaranjan AvenuebCalcuttae700072 a154p. c21cm(Hb) aSoccer players aNandy, Moti aDas, Mihir K